Pink Floyd Songs - Statistics

General Stats
  • This quiz has been taken 181 times
  • The average score is 11 of 14
Answers on the Grid
Answers color-coded by a green-red scale on the quiz's grid according to % correct below.
Wish You Were Here
Bitter Sweet Symphony
Have A Cigar
O Children
Wot´s...Uh The Deal
Time
My Tumy Hurts
Policy Of Truth
I´d Have You Anytime
Another Brick In The Wall
Skibbidi Toilet
Comfortably Numb
The Thin Ice
Vera
In The Flesh
Disparate Youth
Brothers In Arms
Breathe (In the Air)
Hey You
The Great Brick In The Sky
The Great Gig In The Sky
Money
Hey Hey Rise Up
 
Answer Stats
Answer % Correct
Wish You Were Here
98%
Comfortably Numb
94%
Another Brick In The Wall
92%
Time
92%
Have A Cigar
89%
Breathe (In the Air)
86%
Money
80%
Hey You
79%
In The Flesh
77%
The Great Gig In The Sky
73%
The Thin Ice
66%
Vera
56%
Wot´s...Uh The Deal
47%
Hey Hey Rise Up
34%
No matching quizzes found
Score Distribution
Percent of People with Each Score
Percentile by Number Answered
Your Score History
You have not taken this quiz